[Event "LYM - Open Maîtres"]
[Site "Lausanne - Casino de Montbenon"]
[Date "1999.05.16"]
[Round "8"]
[White "Pujos, Stéphane"]
[Black "Huss, Andreas"]
[Result "1/2-1/2"]
[WhiteElo "2249"]
[BlackElo "2380"]
[PlyCount "55"]
[EventDate "2006.09.01"]
[SourceDate "2006.09.03"]

1. e4 e6 2. d4 d5 3. Nc3 Bb4 4. exd5 exd5 5. Bd3 Nc6 6. Nge2 Nge7 7. O-O O-O 8.
Ng3 Nxd4 9. Bxh7+ Kxh7 10. Qxd4 Bxc3 11. Qxc3 Kg8 12. Bf4 c6 13. Rfe1 f6 14.
Qd3 Rf7 15. Re2 b6 16. Rae1 a5 17. Qf3 Bf5 18. Bd6 Qxd6 19. Nxf5 Nxf5 20. Qxf5
Qd7 21. Qg6 d4 22. Re4 Rd8 23. Rh4 Re7 24. Qh7+ Kf8 25. Qh8+ Kf7 26. Qh5+ Kg8
27. Qh8+ Kf7 28. Qh5+ 1/2-1/2

[Event "LYM - Open Maîtres"]
[Site "Lausanne - Casino de Montbenon"]
[Date "1999.05.16"]
[Round "8"]
[White "Ekstroem, Roland"]
[Black "Hebden, Mark"]
[Result "1/2-1/2"]
[WhiteElo "2498"]
[BlackElo "2556"]
[PlyCount "108"]
[EventDate "2006.09.01"]
[SourceDate "2006.09.03"]

1. e4 e5 2. Nf3 Nc6 3. Bb5 a6 4. Ba4 Nf6 5. O-O Be7 6. d4 exd4 7. e5 Ne4 8.
Nxd4 O-O 9. Nf5 d5 10. Bxc6 bxc6 11. Nxe7+ Qxe7 12. Re1 Bb7 13. f3 Nc5 14. Bf4
Ne6 15. Bg3 c5 16. Nc3 Rad8 17. Qd2 f5 18. exf6 Qxf6 19. Re5 Nd4 20. Rf1 Rd7
21. Na4 Qc6 22. b3 Rdf7 23. Qc3 Ne6 24. Qe1 Rf6 25. Nc3 Qd7 26. Qd2 Nd4 27. Ne2
Ne6 28. Nc3 Nd4 29. Ne2 Ne6 30. c4 Rf5 31. cxd5 Rxe5 32. Bxe5 Qxd5 33. Qxd5
Bxd5 34. Rd1 Bc6 35. Kf2 a5 36. Nc3 Rf5 37. Bg3 c4 38. bxc4 Rc5 39. Nd5 Rxc4
40. Ne7+ Kf7 41. Nxc6 Rxc6 42. Ke3 Kf6 43. Rd5 Rc3+ 44. Rd3 Rc2 45. Rd2 Rc3+
46. Rd3 Rc2 47. Ra3 Rxg2 48. Rxa5 c5 49. Ke4 Ng5+ 50. Ke3 Ne6 51. Ke4 Ng5+ 52.
Ke3 Ne6 53. Ke4 Ng5+ 54. Ke3 Ne6 1/2-1/2

[Event "LYM - Open Maîtres"]
[Site "Lausanne - Casino de Montbenon"]
[Date "1999.05.16"]
[Round "8"]
[White "Conquest, Stuart"]
[Black "Kveinys, Aloyzas"]
[Result "1-0"]
[WhiteElo "2488"]
[BlackElo "2502"]
[PlyCount "87"]
[EventDate "2006.09.01"]
[SourceDate "2006.09.03"]

1. e4 c5 2. d3 g6 3. g3 Bg7 4. Bg2 Nc6 5. f4 d6 6. Nf3 e6 7. O-O Nge7 8. c3 O-O
9. Be3 b6 10. Bf2 h6 11. d4 Bb7 12. Nbd2 cxd4 13. cxd4 Qd7 14. Re1 Rfc8 15. Rc1
Na5 16. Rxc8+ Rxc8 17. Bf1 b5 18. Bh3 Kh7 19. b3 f5 20. d5 e5 21. fxe5 dxe5 22.
Nh4 Rd8 23. Ndf3 Qd6 24. exf5 g5 25. Ng6 Nxd5 26. Nfxe5 Nf4 27. Bg4 Nh3+ 28.
Kf1 Qf6 29. Qc2 Nxf2 30. Qxf2 Nc6 31. Bf3 Nxe5 32. Nxe5 Re8 33. Bxb7 Rxe5 34.
Be4 a6 35. Kg2 Kh8 36. Qc2 Bf8 37. Qd1 Rc5 38. Qe2 Rc7 39. Qd3 Be7 40. Qd5 Kg7
41. Re2 Qc3 42. Rc2 Qxc2+ 43. Bxc2 Rxc2+ 44. Kf3 1-0

[Event "LYM - Open Maîtres"]
[Site "Lausanne - Casino de Montbenon"]
[Date "1999.05.16"]
[Round "8"]
[White "Zapolskis, Autonas"]
[Black "Kengis, Edvins"]
[Result "0-1"]
[WhiteElo "2358"]
[BlackElo "2571"]
[PlyCount "102"]
[EventDate "2006.09.01"]
[SourceDate "2006.09.03"]

1. e4 g6 2. d4 Bg7 3. Nc3 d6 4. Be3 a6 5. f4 b5 6. Bd3 Bb7 7. Nf3 Nd7 8. O-O b4
9. Ne2 Ngf6 10. Ng3 c5 11. Kh1 cxd4 12. Bxd4 O-O 13. Qe1 a5 14. a3 bxa3 15.
Rxa3 Nc5 16. Bxc5 dxc5 17. e5 Nd5 18. f5 Nb4 19. Be4 Bxe4 20. Qxe4 Ra6 21. c3
Nd3 22. c4 Nb4 23. Ng5 Qd2 24. Qh4 h6 25. Nf3 Qxb2 26. Re3 Qc2 27. Re2 Qd3 28.
Rd2 g5 29. Qg4 Qe3 30. Nh5 Nd3 31. Nxg7 Kxg7 32. Qg3 a4 33. h4 a3 34. Rfd1 Nb2
35. Re1 Qf4 36. Qxf4 gxf4 37. Rc1 Rb8 38. Kh2 Rb4 39. Rdc2 Rxc4 40. Ne1 Rxc2
41. Nxc2 Nd3 42. f6+ exf6 43. exf6+ Kxf6 44. Rd1 c4 45. Kg1 a2 46. Ra1 Ra4 47.
Kf1 Nc5 48. Rd1 Nb3 49. Kf2 a1=Q 50. Nxa1 Rxa1 51. Rd6+ Ke5 0-1

[Event "LYM - Open Maîtres"]
[Site "Lausanne - Casino de Montbenon"]
[Date "1999.05.16"]
[Round "8"]
[White "Streikus, Simonas"]
[Black "Ortega, Lexy"]
[Result "0-1"]
[WhiteElo "2170"]
[BlackElo "2485"]
[PlyCount "76"]
[EventDate "2006.09.01"]
[SourceDate "2006.09.03"]

1. d4 d5 2. c4 c6 3. Nc3 dxc4 4. a4 e5 5. e3 exd4 6. exd4 Be6 7. Nf3 Nf6 8. Ne5
c5 9. dxc5 Qxd1+ 10. Nxd1 Nbd7 11. Nxc4 Nxc5 12. Nd2 O-O-O 13. Nc3 Be7 14. Bb5
Nd3+ 15. Bxd3 Rxd3 16. O-O Rhd8 17. Nf3 Nd5 18. Nb5 a6 19. Ne5 Rb3 20. Nd4 Rb4
21. Nxe6 fxe6 22. g3 Rb3 23. Re1 Bf6 24. Ra3 Rxa3 25. bxa3 Bxe5 26. Rxe5 Kd7
27. Bb2 g6 28. Re4 Rc8 29. Be5 Rc2 30. g4 b5 31. axb5 axb5 32. g5 Rc4 33. f3
Rxe4 34. fxe4 Nb6 35. Bc3 Nc4 36. Bb4 Nd6 37. e5 Nc4 38. Kf2 Kc6 0-1

[Event "LYM - Open Maîtres"]
[Site "Lausanne - Casino de Montbenon"]
[Date "1999.05.16"]
[Round "8"]
[White "Sakalauskas, Vaidas"]
[Black "Wojtkiewicz, Aleksander"]
[Result "0-1"]
[WhiteElo "2450"]
[BlackElo "2570"]
[PlyCount "78"]
[EventDate "2006.09.01"]
[SourceDate "2006.09.03"]

1. d4 g6 2. c4 Bg7 3. e4 d6 4. Nc3 e5 5. Nf3 exd4 6. Nxd4 Ne7 7. Be2 O-O 8. Be3
Nbc6 9. h4 f5 10. h5 f4 11. Nxc6 Nxc6 12. hxg6 hxg6 13. Qd5+ Rf7 14. Bxf4 Bxc3+
15. bxc3 Qf6 16. Bd2 Qxf2+ 17. Kd1 Ne5 18. Bd3 Bd7 19. Bf1 Re8 20. Qd4 Ba4+ 21.
Kc1 c5 22. Qe3 Qxe3 23. Bxe3 Ng4 24. Kd2 Rxe4 25. Re1 Nxe3 26. Rxe3 Rf2+ 27.
Be2 Rxe3 28. Kxe3 Rxg2 29. Re1 Bc6 30. Rd1 Rg3+ 31. Kf4 Rxc3 32. Rxd6 Kf7 33.
Bd3 Ke7 34. Ke5 Ra3 35. Re6+ Kd7 36. Rd6+ Kc7 37. Bxg6 Rxa2 38. Rd3 Re2+ 39.
Kf6 Be4 0-1

[Event "LYM - Open Maîtres"]
[Site "Lausanne - Casino de Montbenon"]
[Date "1999.05.16"]
[Round "8"]
[White "Seul, Georg"]
[Black "Maric, Alisa"]
[Result "0-1"]
[WhiteElo "2441"]
[BlackElo "2481"]
[PlyCount "77"]
[EventDate "2006.09.01"]
[SourceDate "2006.09.03"]

1. e4 c6 2. d4 d5 3. exd5 cxd5 4. Bd3 Nc6 5. c3 Nf6 6. Bf4 Bg4 7. Qb3 Qd7 8.
Nd2 e6 9. Ngf3 Bxf3 10. Nxf3 Bd6 11. Bxd6 Qxd6 12. O-O Rb8 13. Qd1 O-O 14. Qe2
Nd7 15. Rae1 a6 16. Ne5 Ndxe5 17. dxe5 Qc7 18. f4 g6 19. Kh1 b5 20. Rf3 Rfd8
21. h4 d4 22. Be4 Ne7 23. h5 Qb6 24. Rc1 dxc3 25. Rfxc3 Rd7 26. h6 Qd8 27. Rd3
Rxd3 28. Bxd3 Qf8 29. g3 Qxh6+ 30. Kg2 Qf8 31. Be4 Qd8 32. Rd1 Qa5 33. Rd7 Kf8
34. Qd3 Qb4 35. Kf3 Re8 36. b3 Kg7 37. Ra7 Qe1 38. Rc7 Nf5 39. Bc6 0-1

[Event "LYM - Open Maîtres"]
[Site "Lausanne - Casino de Montbenon"]
[Date "1999.05.16"]
[Round "8"]
[White "Berezovsky, Igor"]
[Black "Tukmakov, Vladimir"]
[Result "0-1"]
[WhiteElo "2375"]
[BlackElo "2581"]
[PlyCount "78"]
[EventDate "2006.09.01"]
[SourceDate "2006.09.03"]

1. d4 Nf6 2. Nf3 c5 3. d5 g6 4. Nc3 Bg7 5. e4 O-O 6. Be2 d6 7. O-O Na6 8. Nd2
Nc7 9. a4 e6 10. Nc4 exd5 11. exd5 Re8 12. Bf3 b6 13. Bf4 Bf8 14. Re1 Rxe1+ 15.
Qxe1 Ba6 16. b3 Bxc4 17. bxc4 Bg7 18. Ra3 Qf8 19. a5 Re8 20. Qd2 bxa5 21. g3
Rb8 22. Rxa5 a6 23. Ne4 Nxe4 24. Bxe4 Qe7 25. Bd3 Rb6 26. Ra3 Ne8 27. Rb3 Rxb3
28. cxb3 Bd4 29. Kg2 Nf6 30. Qa5 Ng4 31. Qxa6 h5 32. Qc8+ Kg7 33. f3 Ne3+ 34.
Kh3 Nd1 35. Bxg6 Nf2+ 36. Kg2 Qe1 37. g4 Qh1+ 38. Kg3 Qg1+ 39. Kh4 Bf6+ 0-1

[Event "LYM - Open Maîtres"]
[Site "Lausanne - Casino de Montbenon"]
[Date "1999.05.16"]
[Round "9"]
[White "Siegel, Georg"]
[Black "Magem Badals, Jordi"]
[Result "1/2-1/2"]
[WhiteElo "2483"]
[BlackElo "2557"]
[PlyCount "38"]
[EventDate "2006.09.01"]
[SourceDate "2006.09.03"]

1. d4 d5 2. c4 dxc4 3. Nf3 Nf6 4. e3 e6 5. Bxc4 c5 6. O-O Nc6 7. Nc3 Be7 8.
dxc5 Qxd1 9. Rxd1 Bxc5 10. b3 Bd7 11. Bb2 Rd8 12. Ng5 Be7 13. Nce4 h6 14. Nxf6+
Bxf6 15. Bxf6 gxf6 16. Ne4 Ke7 17. Bb5 a6 18. Be2 Nb8 19. Rac1 Bc6 1/2-1/2

[Event "LYM - Open Maîtres"]
[Site "Lausanne - Casino de Montbenon"]
[Date "1999.05.16"]
[Round "9"]
[White "Brendel, Oliver"]
[Black "Pavlovic, Milos"]
[Result "1-0"]
[WhiteElo "2404"]
[BlackElo "2525"]
[PlyCount "37"]
[EventDate "2006.09.01"]
[SourceDate "2006.09.03"]

1. e4 c5 2. Nf3 d6 3. d4 cxd4 4. Nxd4 Nf6 5. Nc3 a6 6. Be3 e5 7. Nb3 Qc7 8. f3
b5 9. a4 b4 10. Nd5 Nxd5 11. Qxd5 Bb7 12. Qa5 Qxc2 13. Qxb4 Nc6 14. Qxb7 Rb8
15. Qc7 d5 16. Bc5 Bxc5 17. Qxc6+ Kf8 18. Qxc5+ Qxc5 19. Nxc5 1-0

[Event "LYM - Open Maîtres"]
[Site "Lausanne - Casino de Montbenon"]
[Date "1999.05.16"]
[Round "9"]
[White "Frade- Marques, Hel"]
[Black "Belaz, Christian"]
[Result "1-0"]
[WhiteElo "2070"]
[BlackElo "2108"]
[PlyCount "35"]
[EventDate "2006.09.01"]
[SourceDate "2006.09.03"]

1. d4 Nf6 2. c4 g6 3. Nc3 d5 4. Bg5 Ne4 5. Nf3 Nxc3 6. bxc3 c5 7. e3 Bg7 8. Be2
Nc6 9. Rb1 cxd4 10. cxd4 Qa5+ 11. Qd2 dxc4 12. Bxc4 Bg4 13. Rxb7 Bxf3 14. Qxa5
Nxa5 15. Rxe7+ Kf8 16. Rxf7+ Kg8 17. Be6 Bg4 18. Rf5# 1-0

[Event "LYM - Open Maîtres"]
[Site "Lausanne - Casino de Montbenon"]
[Date "1999.05.16"]
[Round "9"]
[White "Maric, Alisa"]
[Black "Kalinitschev, Sergei"]
[Result "1/2-1/2"]
[WhiteElo "2481"]
[BlackElo "2528"]
[PlyCount "48"]
[EventDate "2006.09.01"]
[SourceDate "2006.09.03"]

1. Nf3 b6 2. d4 Bb7 3. c4 e6 4. Nc3 Bb4 5. Bd2 Nf6 6. e3 O-O 7. Bd3 c5 8. O-O
cxd4 9. exd4 Re8 10. Re1 Bf8 11. a3 d6 12. b4 Nbd7 13. h3 g6 14. Nh2 Bg7 15.
Rc1 a6 16. Nf1 Rc8 17. Ne3 Nh5 18. d5 Ne5 19. Bf1 Qh4 20. Ng4 Qe7 21. Nxe5 Bxe5
22. Na4 Bd4 23. Be3 Bxe3 24. Rxe3 Qc7 1/2-1/2

[Event "LYM - Open Maîtres"]
[Site "Lausanne - Casino de Montbenon"]
[Date "1999.05.16"]
[Round "9"]
[White "Tukmakov, Vladimir"]
[Black "Frressinet, Laurent"]
[Result "1/2-1/2"]
[WhiteElo "2581"]
[BlackElo "2424"]
[PlyCount "57"]
[EventDate "2006.09.01"]
[SourceDate "2006.09.03"]

1. Nf3 d5 2. d4 Nf6 3. c4 c6 4. Nc3 e6 5. Bg5 h6 6. Bxf6 Qxf6 7. e3 Nd7 8. Bd3
dxc4 9. Bxc4 g6 10. O-O Qe7 11. e4 Bg7 12. e5 O-O 13. Re1 Rd8 14. Qe2 b6 15.
Rad1 Rb8 16. Bd3 Bb7 17. Be4 b5 18. Rc1 a6 19. Rc2 g5 20. h3 c5 21. Bxb7 Rxb7
22. Qe4 Ra7 23. d5 exd5 24. Nxd5 Qe6 25. Rd2 Re8 26. Rde2 Rd8 27. Rd2 Re8 28.
Rde2 Rd8 29. Rd2 1/2-1/2

[Event "LYM - Open Maîtres"]
[Site "Lausanne - Casino de Montbenon"]
[Date "1999.05.16"]
[Round "9"]
[White "Bu, Xianghzi"]
[Black "Janssen, Ruud"]
[Result "1/2-1/2"]
[WhiteElo "2365"]
[BlackElo "2445"]
[PlyCount "46"]
[EventDate "2006.09.01"]
[SourceDate "2006.09.03"]

1. d4 Nf6 2. c4 e6 3. Nc3 Bb4 4. e3 c5 5. Bd3 Nc6 6. Nge2 cxd4 7. exd4 d5 8.
O-O O-O 9. Bg5 dxc4 10. Bxc4 Be7 11. a3 b6 12. Rc1 Bb7 13. Ba2 Nd5 14. Bd2 Nxc3
15. Bxc3 Qb8 16. Ng3 Bg5 17. Rc2 Ne7 18. Qh5 Bf4 19. Qg4 Ng6 20. h4 Qd8 21. d5
Bxg3 22. h5 Qh4 23. Qxg3 Qxh5 1/2-1/2

[Event "LYM - Open Maîtres"]
[Site "Lausanne - Casino de Montbenon"]
[Date "1999.05.16"]
[Round "9"]
[White "Kveinys, Aloyzas"]
[Black "Sargissian, Gabriel"]
[Result "1/2-1/2"]
[WhiteElo "2502"]
[BlackElo "2390"]
[PlyCount "94"]
[EventDate "2006.09.01"]
[SourceDate "2006.09.03"]

1. e4 c5 2. Nf3 d6 3. d4 cxd4 4. Nxd4 Nf6 5. Nc3 Nc6 6. f3 Nxd4 7. Qxd4 g6 8.
Bb5+ Bd7 9. Bxd7+ Qxd7 10. Bg5 Bg7 11. O-O-O O-O 12. Bxf6 Bxf6 13. e5 Bg7 14.
Qe4 Rfe8 15. Rd3 Qe6 16. exd6 exd6 17. Qxe6 Rxe6 18. Nb5 Re2 19. g3 Bf8 20. Rd2
Rxd2 21. Kxd2 f5 22. Re1 Kf7 23. Kd3 Rd8 24. c3 a6 25. Nc7 Rc8 26. Ne6 Be7 27.
h4 Bf6 28. Ng5+ Kg7 29. Re2 h6 30. Ne6+ Kf7 31. f4 Re8 32. Nd4 Rxe2 33. Nxe2 h5
34. Kc4 Bd8 35. Kd5 Ke7 36. Nd4 Bb6 37. Kc4 Kd7 38. a4 Ba7 39. Kd5 Ke7 40. a5
Kd7 41. b3 Bc5 42. b4 Ba7 43. c4 Bxd4 44. Kxd4 Kc6 45. Kc3 d5 46. Kd4 dxc4 47.
Kxc4 b5+ 1/2-1/2

[Event "LYM - Open Maîtres"]
[Site "Lausanne - Casino de Montbenon"]
[Date "1999.05.16"]
[Round "9"]
[White "Grabliauskas, Virginijus"]
[Black "Preissmann, Emmanuel"]
[Result "0-1"]
[WhiteElo "2455"]
[BlackElo "2381"]
[PlyCount "82"]
[EventDate "2006.09.01"]
[SourceDate "2006.09.03"]

1. d4 d5 2. c4 e6 3. Nc3 c6 4. e3 Nf6 5. Nf3 Nbd7 6. Bd3 dxc4 7. Bxc4 b5 8. Bd3
a6 9. e4 c5 10. d5 c4 11. Bc2 e5 12. O-O Bd6 13. Nh4 g6 14. Qf3 h6 15. g3 Nc5
16. Qg2 g5 17. Nf5 Bxf5 18. exf5 Qd7 19. Be3 Kf8 20. Kh1 b4 21. Ne2 Re8 22.
Rad1 a5 23. f3 Qb5 24. Nc1 a4 25. Qe2 b3 26. Bb1 Ncd7 27. axb3 axb3 28. Be4 Rb8
29. Qf2 Nxe4 30. fxe4 c3 31. f6 Qc4 32. Qf5 cxb2 33. Ne2 Ke8 34. Ng1 Rb4 35.
Bd4 b1=Q 36. Rxb1 Qxd4 37. Rfe1 b2 38. Re2 Kd8 39. Qf1 Nc5 40. Nf3 Qc3 41. Qh3
Qxf3+ 0-1

[Event "LYM - Open Maîtres"]
[Site "Lausanne - Casino de Montbenon"]
[Date "1999.05.16"]
[Round "9"]
[White "De la Riva, Oscar"]
[Black "Zapolskis, Autonas"]
[Result "1-0"]
[WhiteElo "2495"]
[BlackElo "2358"]
[PlyCount "79"]
[EventDate "2006.09.01"]
[SourceDate "2006.09.03"]

1. e4 c5 2. Nf3 Nc6 3. Bb5 e6 4. O-O Nge7 5. b3 a6 6. Bxc6 Nxc6 7. Bb2 b5 8.
Na3 Bb7 9. c4 Qb6 10. Qe2 Nd4 11. Nxd4 cxd4 12. cxb5 Bxa3 13. Bxa3 axb5 14. Bb4
e5 15. d3 g5 16. Rfc1 Qe6 17. Rc5 Bc6 18. f4 gxf4 19. Qh5 O-O-O 20. Rxe5 Qg6
21. Rf1 Rhg8 22. Qxg6 fxg6 23. Rxf4 h5 24. Rf6 Kb7 25. Kf2 Ra8 26. a3 Ra6 27.
Re7 Kc8 28. Ref7 Kc7 29. Rd6 Rga8 30. Rxd4 Kb6 31. Ke3 R6a7 32. Rg7 d5 33. Rxg6
dxe4 34. Rdd6 Rc7 35. d4 Kb7 36. d5 Be8 37. Rb6+ Kc8 38. Rg8 Kd8 39. Re6 Kd7
40. Re7+ 1-0

[Event "LYM - Open Maîtres"]
[Site "Lausanne - Casino de Montbenon"]
[Date "1999.05.16"]
[Round "9"]
[White "Grigore, Georg-Gabriel"]
[Black "Streikus, Simonas"]
[Result "1-0"]
[WhiteElo "2528"]
[BlackElo "2170"]
[PlyCount "79"]
[EventDate "2006.09.01"]
[SourceDate "2006.09.03"]

1. d4 Nf6 2. c4 e6 3. Nc3 Bb4 4. Qc2 O-O 5. a3 Bxc3+ 6. Qxc3 b6 7. Nf3 Bb7 8.
g3 Ne4 9. Qc2 f5 10. Bg2 Nf6 11. O-O Be4 12. Qc3 d6 13. b4 Nbd7 14. Bb2 Qe7 15.
Rae1 c6 16. Bh3 f4 17. Nd2 fxg3 18. hxg3 d5 19. Qe3 Rae8 20. f3 Bf5 21. Bg2 Qd6
22. Qg5 h6 23. Qh4 e5 24. dxe5 Nxe5 25. cxd5 Ng6 26. Nc4 Qb8 27. Qh2 cxd5 28.
Nd2 Re3 29. g4 Bd7 30. Qxb8 Rxb8 31. Kf2 Rbe8 32. Bxf6 gxf6 33. Ne4 dxe4 34.
Kxe3 exf3+ 35. Kxf3 Ne5+ 36. Kg3 Nxg4 37. Rd1 Bc8 38. Bc6 Rf8 39. Kf4 Ne5 40.
Rg1+ 1-0

[Event "LYM - Open Maîtres"]
[Site "Lausanne - Casino de Montbenon"]
[Date "1999.05.16"]
[Round "9"]
[White "Jenni, Florian"]
[Black "Rainfray, Arnaud"]
[Result "1-0"]
[WhiteElo "2395"]
[BlackElo "2322"]
[PlyCount "77"]
[EventDate "2006.09.01"]
[SourceDate "2006.09.03"]

1. e4 c5 2. Nf3 Nc6 3. c3 Nf6 4. e5 Nd5 5. d4 cxd4 6. Bc4 e6 7. cxd4 d6 8. O-O
Be7 9. Qe2 O-O 10. Re1 b6 11. Nbd2 Bb7 12. Ne4 dxe5 13. dxe5 Qc7 14. Bxd5 exd5
15. Ng3 Bc5 16. a3 a5 17. Bf4 Ne7 18. Qd2 Ng6 19. Bg5 a4 20. Nh5 Rfe8 21. Nxg7
Kxg7 22. Bf6+ Kg8 23. Rac1 Qc8 24. Qg5 Re6 25. h4 Kf8 26. Qh6+ Ke8 27. Qxh7 Qd7
28. Rxc5 bxc5 29. Qg8+ Nf8 30. h5 Re7 31. Bg7 Qf5 32. Bxf8 Kd7 33. Qg7 Ree8 34.
Bxc5 Rg8 35. e6+ Qxe6 36. Rxe6 Rxg7 37. Re7+ Kc8 38. Bd4 Rh7 39. g4 1-0

[Event "LYM - Open Maîtres"]
[Site "Lausanne - Casino de Montbenon"]
[Date "1999.05.16"]
[Round "9"]
[White "Ortega, Lexy"]
[Black "Epishin, Vladimir"]
[Result "0-1"]
[WhiteElo "2485"]
[BlackElo "2578"]
[PlyCount "69"]
[EventDate "2006.09.01"]
[SourceDate "2006.09.03"]

1. d4 Nf6 2. Nf3 b6 3. Bf4 Bb7 4. e3 Nh5 5. Bg3 Nxg3 6. hxg3 e6 7. Nbd2 g6 8.
c3 Bg7 9. Bd3 d6 10. Qe2 Qe7 11. O-O-O a6 12. g4 Nd7 13. g5 h6 14. gxh6 Rxh6
15. Rxh6 Bxh6 16. Kb1 Bg7 17. Rh1 b5 18. Nb3 Rb8 19. c4 e5 20. dxe5 Nxe5 21.
Nxe5 Qxe5 22. f4 Qe7 23. cxb5 axb5 24. Bxb5+ Kf8 25. Rc1 Bd5 26. Bc4 Ra8 27.
Bd3 c5 28. e4 Re8 29. e5 dxe5 30. fxe5 Qxe5 31. Qxe5 Rxe5 32. Nxc5 Ke7 33. a4
Bxg2 34. a5 Re3 35. Rc2 0-1